000 00865nam a2200205 i 4500
001 160509
003 ES-MaACL
005 20250824053550.0
008 040929s1847 sp |||| | spa d
040 _aCAM
_bspa
_cCAM
100 1 _aNavarrete, Ramón de,
_d1818-1897
_985042
245 1 0 _aBenvenuto Cellini ó el poder de un artista
_b: comedia en cinco actos /
_csu autor Ramon de Navarrete, representada por primera vez en el teatro del Príncipe el 2 de noviembre de 1846.
260 _aMadrid :
_bVicente de Lalama,
_c1847.
300 _a27 p. ;
_c26 cm.
490 1 _aBiblioteca Dramatica
594 _aAutor y título tomado de principio del texto, sin portada.
830 0 0 _aBiblioteca dramática
_9242024
852 _aES-MaACL
_jG-6372(7)
_z-- Enc. hol.
_z-- Enc. en un vol. facticio falto de la cub. original
999 _c160509
_d160509